00285 a2200109 4500001000700000020000600007040001100013100002100024240006300045245005800108362000900166165976 a  cMagnum aFerreiro, Emilia10aOs processos de leitura e escrita: novas perspectivaslpor10aOs processos de leitura e escrita: novas perspectivas0 a1899